| 000 | 00521nam a2200181 a 4500 | ||
|---|---|---|---|
| 005 | 20240919063918.0 | ||
| 008 | 991125s1983 mx 000 0 spa u | ||
| 020 | _a9684293658 | ||
| 035 | _aUPN01000052045 | ||
| 049 | _aCG | ||
| 050 | 4 |
_aHC163 _bR48 |
|
| 245 | 0 | 0 |
_aReto a los no alineados / _cLuis Echeverría ... [et al.]. |
| 260 |
_aMéxico : _bCEESTEM : _bNueva Imagen, _c1983. |
||
| 300 | _a316 p. | ||
| 651 | 4 |
_aPaíses en desarrollo _96572 |
|
| 700 | 1 |
_aEcheverría Alvarez, Luis, _d1922- _ecoaut. |
|
| 905 | _aLibro | ||
| 999 |
_c52045 _d52045 |
||